| 000 | 00515nam a22001697a 4500 | ||
|---|---|---|---|
| 003 | OSt | ||
| 005 | 20251028102955.0 | ||
| 008 | 251028b |||||||| |||| 00| 0 eng d | ||
| 040 | _cMRSPTU | ||
| 041 | _aENG | ||
| 100 | _aSingla, Jyoti | ||
| 245 | _aRole of CRM Practices of Banks in Client Retention: A Comparative Study of Public and Private Banks of Haryana | ||
| 260 |
_aBathinda _bMRSPTU _c2022 |
||
| 650 | _aManagement | ||
| 856 | _uhttp://163.47.215.52:8080/jspui/handle/123456789/490 | ||
| 942 |
_2ddc _cTH _n0 |
||
| 999 |
_c10591 _d10591 |
||